[Event "Troy (US Am N/5/8)"]
[Site "?"]
[Date "1995.??.??"]
[Round "?"]
[White "Grams, Paul"]
[Black "Vandivier, Don"]
[Result "0-1"]
[WhiteElo "1825"]
[BlackElo "1950"]
[PlyCount "70"]
[EventDate "1995.??.??"]

{5/(8)} 1. d4 Nf6 2. c4 e6 3. Nc3 d5 4. Bg5 Be7 5. Nf3 O-O 6. e3 a6 7. Qc2 dxc4
8. Bxc4 Nbd7 9. O-O b5 10. Be2 Bb7 11. Rfc1 Rc8 12. a4 b4 13. Nb1 c5 14. Qd1
cxd4 15. Nxd4 Qa5 16. Bf4 Rxc1 17. Qxc1 Rc8 18. Qd1 e5 19. Nb3 Qd5 20. Qxd5
Bxd5 21. Bxe5 Nxe5 22. N1d2 a5 23. Nd4 g6 24. h3 Ne4 25. N2f3 Nxf3+ 26. gxf3
Nd2 27. Rd1 Nb3 28. Nb5 Rc2 29. Rxd5 Rxe2 30. f4 Rxb2 31. e4 Bc5 32. f5 Bxf2+
33. Kf1 Bh4 34. Nd6 Rf2+ 35. Kg1 Nd2 0-1

[Event "Eastpointe (EDO/2/1)"]
[Site "?"]
[Date "1995.??.??"]
[Round "?"]
[White "Grams, Paul"]
[Black "Thompson, Dexter"]
[Result "0-1"]
[WhiteElo "1805"]
[BlackElo "2210"]
[PlyCount "74"]
[EventDate "1995.??.??"]

{2/(1)} 1. d4 Nf6 2. c4 e5 3. dxe5 Ng4 4. Nf3 Nc6 5. Bf4 Bb4+ 6. Nbd2 Qe7 7. a3
Ngxe5 8. Nxe5 Nxe5 9. Bxe5 Bxd2+ 10. Qxd2 Qxe5 11. g3 Qe4 12. Qd5 Qxd5 13. cxd5
O-O 14. d6 c6 15. Bh3 Re8 16. O-O g6 17. Rfe1 f5 18. Rad1 b6 19. g4 f4 20. e3
f3 21. e4 Ba6 22. Bf1 Bxf1 23. Kxf1 Re5 24. Rd3 Rf8 25. h4 Rf4 26. Kg1 Rxg4+
27. Kh2 Rg2+ 28. Kh3 Rxf2 29. Kg3 Re2 30. Rxe2 fxe2 31. Re3 Kf7 32. Kf4 Ke6 33.
Rxe2 Kxd6 34. Rd2+ Ke6 35. Rxd7 Rxe4+ 36. Kxe4 Kxd7 37. Ke5 Ke7 0-1

[Event "Troy (US Am N/1/29)"]
[Site "?"]
[Date "1995.??.??"]
[Round "?"]
[White "Grams, Paul"]
[Black "Kyser, Bob"]
[Result "1-0"]
[WhiteElo "1825"]
[BlackElo "1605"]
[PlyCount "39"]
[EventDate "1995.??.??"]

{1/(29)} 1. d4 d5 2. c4 Nf6 3. Nc3 e6 4. Bg5 Bb4 5. Qa4+ Nc6 6. e3 Bd7 7. Qc2
Na5 8. Nf3 Nxc4 9. Bd3 c6 10. Bxh7 Qa5 11. Bxf6 gxf6 12. O-O Nxb2 13. Ne2 Nc4
14. Bd3 Nd6 15. a3 Bxa3 16. Qb3 Nc4 17. Bxc4 Qb4 18. Rxa3 Qxb3 19. Bxb3 b5 20.
Rfa1 1-0

[Event "Detroit (MI Team/3/4/1)"]
[Site "?"]
[Date "1995.??.??"]
[Round "?"]
[White "Grams, Paul"]
[Black "Jenkins, C."]
[Result "1-0"]
[WhiteElo "1805"]
[BlackElo "1605"]
[PlyCount "109"]
[EventDate "1995.??.??"]

{3/4} 1. d4 d5 2. c4 Nf6 3. cxd5 Qxd5 4. Nc3 Qf5 5. f3 e5 6. e4 Qe6 7. Be3 Bb4
8. Qa4+ Nc6 9. d5 Bxc3+ 10. bxc3 Nxd5 11. exd5 Qxd5 12. Rd1 Qa5 13. Qxa5 Nxa5
14. Bc5 Be6 15. a3 Nb3 16. Be3 O-O 17. Bd3 Rfd8 18. Ne2 b6 19. Kf2 Na5 20. f4
exf4 21. Nxf4 Bb3 22. Rd2 Be6 23. Nxe6 fxe6 24. Rhd1 Rf8+ 25. Ke1 Nb3 26. Rf2
Rxf2 27. Bxf2 Rf8 28. Bc4 Na5 29. Bxe6+ Kh8 30. Rd7 Re8 31. Kd2 Nc6 32. Rxc7
Rd8+ 33. Bd4 Nxd4 34. cxd4 Rxd4+ 35. Kc3 Rd8 36. Rc8 Rxc8+ 37. Bxc8 Kg8 38. Kb4
Kf7 39. Kb5 Kf6 40. Ka6 Kg5 41. Kxa7 Kf4 42. Kxb6 Ke3 43. a4 Kf2 44. Bb7 Kg1
45. a5 Kxh2 46. a6 g5 47. a7 h5 48. a8=Q g4 49. Qb8+ g3 50. Qf4 h4 51. Qxh4+
Kg1 52. Qxg3 Kh1 53. Qf3 Kh2 54. g4 Kg1 55. Qg2# 1-0

[Event "Troy (US Am N/3/20)"]
[Site "?"]
[Date "1995.??.??"]
[Round "?"]
[White "Grams, Paul"]
[Black "Bedy, N."]
[Result "1-0"]
[WhiteElo "1825"]
[BlackElo "1605"]
[PlyCount "51"]
[EventDate "1995.??.??"]

{3/(20)} 1. d4 d5 2. c4 e6 3. Nc3 Be7 4. Nf3 Nf6 5. Bg5 O-O 6. e3 h6 7. Bh4 b6
8. Be2 Ne4 9. Bxe7 Qxe7 10. Nxe4 dxe4 11. Nd2 Bb7 12. Qc2 Nd7 13. O-O Nf6 14.
a3 c5 15. dxc5 Qxc5 16. b4 Qc7 17. Rac1 Rfd8 18. Nb3 Rd7 19. c5 Rc8 20. b5 Bd5
21. c6 Bxb3 22. Qxb3 Rd2 23. Qc4 Rcd8 24. Rfd1 Rxd1+ 25. Rxd1 Nd7 26. cxd7 1-0

[Event "Detroit (MI Team/2/4/1)"]
[Site "?"]
[Date "1995.??.??"]
[Round "?"]
[White "Grams, Paul"]
[Black "Aldrich, Jeff"]
[Result "0-1"]
[WhiteElo "1805"]
[BlackElo "1935"]
[PlyCount "62"]
[EventDate "1995.??.??"]

{2/4} 1. d4 d5 2. c4 c6 3. Nc3 Nf6 4. Bg5 dxc4 5. e3 b5 6. a4 b4 7. Na2 Ne4 8.
Bh4 Be6 9. Ne2 a5 10. Ng3 Nf6 11. Be2 c3 12. bxc3 b3 13. c4 bxa2 14. Rxa2 Na6
15. O-O h6 16. Bxf6 exf6 17. d5 cxd5 18. cxd5 Bd7 19. d6 g6 20. Rd2 Bg7 21. Qc2
O-O 22. Ne4 f5 23. Nc5 Nxc5 24. Qxc5 Qc8 25. Qa3 Qc3 26. Rd3 Qxa3 27. Rxa3 Rfd8
28. Rd1 Rab8 29. f3 Bb2 30. Rad3 Bxa4 31. Rb1 Bc2 0-1

[Event "Detroit (MI Action/2/13)"]
[Site "?"]
[Date "1995.??.??"]
[Round "?"]
[White "Grams, Paul"]
[Black "Akinula, T."]
[Result "1-0"]
[WhiteElo "1800"]
[BlackElo "1605"]
[PlyCount "65"]
[EventDate "1995.??.??"]

{2/(13)} 1. e4 e5 2. Nf3 Nc6 3. Bb5 Nf6 4. O-O Ng4 5. h3 Nf6 6. d4 d5 7. Nxe5
Nxe4 8. Nxc6 bxc6 9. Bxc6+ Bd7 10. Bxd5 c6 11. Bxe4 g6 12. Re1 Be7 13. Bh6 Qc7
14. d5 Qb7 15. Bg7 Rg8 16. Bc3 cxd5 17. Bxd5 Bc6 18. Bf6 O-O-O 19. Rxe7 Rd7 20.
Nc3 Rxe7 21. Bxc6 Qxc6 22. Bxe7 Re8 23. Qg4+ Kb8 24. Rd1 Qb7 25. Bd6+ Ka8 26.
Qa4 Rc8 27. Nb5 a6 28. Nc7+ Ka7 29. Bc5+ Kb8 30. Nxa6+ Ka8 31. Rd7 Qxb2 32.
Nb4+ Kb8 33. Qa7# 1-0

[Event "East Lansing (MOR/5/10)"]
[Site "?"]
[Date "1995.??.??"]
[Round "?"]
[White "Gramlich, Allen"]
[Black "Walquist, Elaine"]
[Result "1-0"]
[WhiteElo "1605"]
[BlackElo "1710"]
[PlyCount "81"]
[EventDate "1995.??.??"]

{5/(10)} 1. e4 c6 2. d4 d5 3. Nc3 dxe4 4. Nxe4 Nf6 5. Ng3 e6 6. Nf3 Bd6 7. Bg5
Be7 8. Bd3 h6 9. Bf4 Nd5 10. Qd2 Nd7 11. O-O Nxf4 12. Qxf4 Nf6 13. Ne5 O-O 14.
Ne4 Nxe4 15. Qxe4 f5 16. Qe3 Qe8 17. Qg3 Bd6 18. f4 Rf6 19. Rae1 Bxe5 20. Rxe5
Qf7 21. Rfe1 Bd7 22. Bc4 Kh7 23. Qb3 b5 24. Bxe6 Bxe6 25. Rxe6 a5 26. Rxf6 Qxf6
27. c3 Qd6 28. g3 Rf8 29. Qe6 Rf6 30. Qe5 a4 31. a3 h5 32. h3 Rh6 33. Kf2 Qxe5
34. dxe5 Re6 35. Rd1 Kg6 36. Rd7 c5 37. Rd5 c4 38. Ke3 Kh6 39. Rd7 g5 40. Rd6
gxf4+ 41. gxf4 1-0

[Event "East Lansing (MOR/4/21)"]
[Site "?"]
[Date "1995.??.??"]
[Round "?"]
[White "Gramlich, Allen"]
[Black "Stark, Jay"]
[Result "1-0"]
[WhiteElo "1605"]
[BlackElo "1610"]
[PlyCount "79"]
[EventDate "1995.??.??"]

{4/(21)} 1. e4 c5 2. Nf3 e6 3. d4 cxd4 4. Nxd4 a6 5. Nc3 Qc7 6. g3 Nf6 7. Bg2
Be7 8. Be3 O-O 9. Qd2 Bb4 10. Nde2 Nc6 11. a3 Ba5 12. Bg5 Ne8 13. O-O f6 14.
Bh4 g5 15. Bxg5 fxg5 16. Qxg5+ Kh8 17. Qh6 Rf6 18. Qh4 Ne7 19. Qg5 Bb6 20. e5
Rf7 21. Be4 Nf5 22. Qh5 Rf8 23. g4 Neg7 24. Qh3 Qxe5 25. Ng3 Bd4 26. Rae1 Qc5
27. Na4 Qa5 28. b3 Rb8 29. gxf5 Nxf5 30. Bxf5 Rxf5 31. Nxf5 Bxf2+ 32. Kxf2 Qd2+
33. Kg1 Qg5+ 34. Ng3 Qe7 35. Qh6 Kg8 36. Rf4 b5 37. Rg4+ Kh8 38. Rf1 Bb7 39.
Qf6+ Qxf6 40. Rxf6 1-0

[Event "East Lansing (Class DE/3/5)"]
[Site "?"]
[Date "1995.??.??"]
[Round "?"]
[White "Gramlich, Allen"]
[Black "Silveri, Marco"]
[Result "1-0"]
[WhiteElo "1605"]
[BlackElo "1605"]
[PlyCount "53"]
[EventDate "1995.??.??"]

{3/(5)} 1. e4 b6 2. Nf3 Bb7 3. Nc3 e6 4. a3 c5 5. d4 Nf6 6. Bd3 Be7 7. Bf4 Nc6
8. Nb5 d6 9. dxc5 bxc5 10. Bc4 e5 11. Be3 Nxe4 12. Qd5 O-O 13. Qxe4 Qd7 14. Bd5
a6 15. Nc3 Rab8 16. O-O Nd4 17. Bg5 Bxd5 18. Nxd5 Bxg5 19. Nxg5 f5 20. Qd3 Rxb2
21. Qc4 Kh8 22. Qxa6 Rxc2 23. Rab1 Ra2 24. Rb7 Rxa3 25. Qb6 Qc6 26. Nf7+ Kg8
27. Ne7+ 1-0

[Event "East Lansing (MOR/2/48)"]
[Site "?"]
[Date "1995.??.??"]
[Round "?"]
[White "Gramlich, Allen"]
[Black "Renauer, D."]
[Result "1-0"]
[WhiteElo "1605"]
[BlackElo "1605"]
[PlyCount "39"]
[EventDate "1995.??.??"]

{2/(48)} 1. e4 e6 2. d4 d5 3. e5 c5 4. Nf3 Nc6 5. Bb5 Bd7 6. Be3 a6 7. Bxc6
Bxc6 8. dxc5 f6 9. O-O Qc7 10. exf6 Nxf6 11. Qd4 O-O-O 12. Bf4 Qa5 13. Qe5 Bxc5
14. Ng5 Ng4 15. Qxg7 Bxf2+ 16. Rxf2 Nxf2 17. Kxf2 Rhf8 18. Kg3 Qe1+ 19. Kg4 Qf1
20. Qc7# 1-0

[Event "East Lansing (Class DE/1/15)"]
[Site "?"]
[Date "1995.??.??"]
[Round "?"]
[White "Gramlich, Allen"]
[Black "Kyser, Bob"]
[Result "1/2-1/2"]
[WhiteElo "1605"]
[BlackElo "1605"]
[PlyCount "72"]
[EventDate "1995.??.??"]

{1/(15)} 1. e4 e5 2. Nf3 Nc6 3. Bc4 Nf6 4. d3 Be7 5. Nc3 a6 6. Bd5 Na5 7. Nxe5
Nxd5 8. Nxd5 Bd6 9. Qd2 c6 10. Qf4 f6 11. Nxc6 dxc6 12. Nxf6+ gxf6 13. Qh6 Qe7
14. Qh5+ Qf7 15. Qxa5 Qc7 16. Qh5+ Qf7 17. Qxf7+ Kxf7 18. Be3 Rg8 19. g3 Bg4
20. f4 Bf3 21. Rg1 Bg4 22. Kd2 b5 23. Raf1 Be6 24. e5 Be7 25. b3 f5 26. c4 Bb4+
27. Kc2 h5 28. Kb2 Rgd8 29. Rd1 Rd7 30. a3 Ba5 31. b4 Bc7 32. c5 Rad8 33. d4
Bd5 34. h3 Rg8 35. Ra1 a5 36. Kc3 a4 1/2-1/2

[Event "East Lansing (MOR/7/3)"]
[Site "?"]
[Date "1995.??.??"]
[Round "?"]
[White "Gramlich, Allen"]
[Black "Harris, G."]
[Result "0-1"]
[WhiteElo "1605"]
[BlackElo "1605"]
[PlyCount "62"]
[EventDate "1995.??.??"]

{7/(3)} 1. e4 e6 2. Nf3 d5 3. exd5 exd5 4. d4 Bd6 5. Nc3 Ne7 6. Bd3 Nbc6 7. Qe2
Bg4 8. Nxd5 Nxd4 9. Qe3 Bxf3 10. gxf3 Nxf3+ 11. Qxf3 Nxd5 12. Qg2 Qe7+ 13. Kd1
O-O-O 14. Qxd5 Bb4 15. Qf5+ Kb8 16. a3 Rhe8 17. Be3 g6 18. Qb5 Qe4 19. Rg1 Qf3+
20. Kc1 Rxe3 21. axb4 Qxf2 22. Rd1 Re1 23. Qa4 Qe3+ 24. Kb1 Rxd1+ 25. Ka2 Rxa1+
26. Kxa1 Qg1+ 27. Ka2 Qxh2 28. Bc4 f5 29. Qb5 Qxc2 30. Be6 a6 31. Qe5 Qa4+ 0-1

[Event "East Lansing (Class DE/5/2)"]
[Site "?"]
[Date "1995.??.??"]
[Round "?"]
[White "Gramlich, Allen"]
[Black "Dowling, James"]
[Result "1-0"]
[WhiteElo "1605"]
[BlackElo "1605"]
[PlyCount "75"]
[EventDate "1995.??.??"]

{5/(2)} 1. e4 c5 2. Nf3 Nc6 3. d4 cxd4 4. Nxd4 g6 5. Nc3 Bg7 6. Be3 d6 7. Bc4
Ne5 8. Bb3 a6 9. h3 Nf6 10. Qd2 O-O 11. O-O-O Bd7 12. f4 Nc6 13. g4 Nxd4 14.
Bxd4 Bc6 15. Rhe1 Re8 16. g5 Nh5 17. Bxg7 Kxg7 18. f5 f6 19. Qd4 gxf5 20. exf5
h6 21. gxh6+ Kxh6 22. Qe3+ Kh7 23. Rg1 Rh8 24. Bf7 Be8 25. Bg6+ Bxg6 26. Rxg6
Qf8 27. Rdg1 Re8 28. Qf3 Ng7 29. Qf4 Kg8 30. Qc4+ Kh7 31. R1g4 Nxf5 32. Qe4 e6
33. Ne2 Qf7 34. Nf4 d5 35. Qxf5 Qg7 36. Qh5+ Kg8 37. Rxg7+ Kf8 38. Qf7# 1-0

[Event "Detroit (MI Action/3/18)"]
[Site "?"]
[Date "1995.??.??"]
[Round "?"]
[White "Goode, Randy"]
[Black "Zuniga, Jesus"]
[Result "0-1"]
[WhiteElo "1605"]
[BlackElo "1605"]
[PlyCount "26"]
[EventDate "1995.??.??"]

{3/(18)} 1. e4 e6 2. Bc4 d5 3. Bd3 Nf6 4. Nc3 Bc5 5. a3 d4 6. b4 Bxb4 7. Na4
Bd6 8. Bb2 e5 9. Qf3 Bg4 10. Qg3 h5 11. f3 h4 12. Qf2 Be6 13. Qxh4 Rxh4 0-1

[Event "Detroit (MI Action/6/17)"]
[Site "?"]
[Date "1995.??.??"]
[Round "?"]
[White "Goode, Randy"]
[Black "Wood, C."]
[Result "1-0"]
[WhiteElo "1605"]
[BlackElo "1605"]
[PlyCount "25"]
[EventDate "1995.??.??"]

{6/(17)} 1. e4 c5 2. Bc4 Nc6 3. Qh5 e6 4. f4 Nf6 5. Qf3 e5 6. Ne2 exf4 7. Nxf4
Ne5 8. Qe2 Nxc4 9. Qxc4 g6 10. O-O d6 11. Nd5 Nxd5 12. Qxd5 Bg7 13. Qxf7# 1-0

[Event "East Lansing (MI Op/5/27)"]
[Site "?"]
[Date "1995.??.??"]
[Round "?"]
[White "Golonka, Stan"]
[Black "Wisckol, Richard"]
[Result "1/2-1/2"]
[WhiteElo "1975"]
[BlackElo "1895"]
[PlyCount "98"]
[EventDate "1995.??.??"]

{5/(27)} 1. c4 Nf6 2. Nc3 g6 3. g3 Bg7 4. Bg2 O-O 5. e4 d6 6. Nge2 e5 7. O-O c6
8. d3 Ne8 9. f4 f5 10. Be3 Nf6 11. Rc1 Ng4 12. Bf2 Nxf2 13. Rxf2 Be6 14. b3 Qb6
15. Qf1 Nd7 16. Kh1 Nc5 17. Rd1 Rad8 18. Qe1 Rd7 19. Rf1 Rdd8 20. Qd2 Rfe8 21.
Rb1 Nd7 22. Ng1 exf4 23. gxf4 Nf6 24. Rbe1 Ng4 25. Nd1 Qc5 26. h3 Nf6 27. b4
Qb6 28. Ne3 Nh5 29. Ne2 Bd4 30. Nc2 Bf6 31. Qe3 fxe4 32. Qxb6 axb6 33. Bxe4
Bxh3 34. Rg1 Kf7 35. Kh2 Be6 36. Ne3 Bh4 37. Ref1 Bf6 38. f5 gxf5 39. Nxf5 Bxf5
40. Rxf5 Re5 41. Rgf1 Ra8 42. Rxe5 dxe5 43. Nc3 Ra3 44. Rc1 h6 45. Rc2 Nf4 46.
b5 Ne6 47. bxc6 bxc6 48. Nb1 Ra5 49. Rb2 b5 1/2-1/2

[Event "East Lansing (MI Op/2/27)"]
[Site "?"]
[Date "1995.??.??"]
[Round "?"]
[White "Golonka, Stan"]
[Black "Ward, Tim"]
[Result "0-1"]
[WhiteElo "1975"]
[BlackElo "1830"]
[PlyCount "122"]
[EventDate "1995.??.??"]

{2/(27)} 1. c4 f5 2. Nc3 Nf6 3. g3 e6 4. Bg2 d5 5. d3 c6 6. b3 Bb4 7. Bd2 Qe7
8. Qc1 d4 9. Nb1 O-O 10. a3 Bxd2+ 11. Qxd2 e5 12. b4 Be6 13. Nf3 Nbd7 14. O-O
c5 15. Ng5 e4 16. Nxe6 Qxe6 17. Re1 Rae8 18. Qc2 exd3 19. Qxd3 Ne5 20. Qb3 Ne4
21. bxc5 Nxc4 22. Rc1 Ne5 23. Qxe6+ Rxe6 24. f3 Nf6 25. Nd2 Rfe8 26. Rab1 Nc6
27. Bf1 R6e7 28. Nc4 g6 29. Rb2 Nd5 30. Kf2 Ne3 31. Nd6 Rb8 32. Rcb1 Nxf1 33.
Kxf1 Nd8 34. Nb5 Ne6 35. Nxa7 Ra8 36. Rxb7 Rxa7 37. c6 Nc5 38. Rb8+ Kg7 39.
R1b5 Na6 40. Rd8 Rac7 41. Rb6 Nc5 42. Rxd4 Kf7 43. Rc4 Ne6 44. Rb8 Ra7 45. a4
Rec7 46. Rb6 Nd8 47. Kf2 Ke7 48. e4 fxe4 49. Rxe4+ Kd6 50. Rd4+ Kc5 51. Rbb4
Nxc6 52. Rbc4+ Kb6 53. Rd6 Ra5 54. Re6 Kb7 55. f4 Rd5 56. g4 Rd2+ 57. Kg3 Rd4
58. Rxd4 Nxd4 59. Re3 Ka6 60. h4 Ka5 61. h5 Kxa4 0-1

[Event "East Lansing (MI Op/4/18)"]
[Site "?"]
[Date "1995.??.??"]
[Round "?"]
[White "Golonka, Stan"]
[Black "Kitsis, S."]
[Result "0-1"]
[WhiteElo "1975"]
[BlackElo "2235"]
[PlyCount "100"]
[EventDate "1995.??.??"]

{4/(18)} 1. c4 Nf6 2. Nc3 g6 3. g3 Bg7 4. Bg2 O-O 5. e4 e5 6. Nge2 d6 7. O-O
Nc6 8. d3 Nd7 9. f4 Nc5 10. Be3 a5 11. a3 Bg4 12. h3 Bxe2 13. Qxe2 Nd4 14. Bxd4
exd4 15. Nd1 a4 16. Nf2 Re8 17. Qf3 Ra6 18. Rad1 Rb6 19. Rd2 Rb3 20. f5 Qg5 21.
Rfd1 gxf5 22. h4 fxe4 23. Nxe4 Qe3+ 24. Nf2 Qxf3 25. Bxf3 Bh6 26. Rc2 Be3 27.
Kg2 Bxf2 28. Kxf2 Nxd3+ 29. Kf1 Nxb2 30. Rdd2 Rxf3+ 31. Kg2 Ree3 32. Rxb2 Rxg3+
33. Kh2 Rb3 34. Rxd4 Rh3+ 35. Kg2 Rxb2+ 36. Kxh3 Rb3+ 37. Kg4 Rxa3 38. Kh5 Rg3
39. c5 a3 40. cxd6 cxd6 41. Rxd6 a2 42. Rd8+ Kg7 43. Ra8 Rg2 44. Ra7 b5 45. Ra3
b4 46. Rg3+ Kf6 47. Rxg2 a1=Q 48. Kh6 Qe1 49. Rg4 Qb1 50. Kh5 Qf5+ 0-1

[Event "Troy (US Am N/2/12)"]
[Site "?"]
[Date "1995.??.??"]
[Round "?"]
[White "Golonka, Stan"]
[Black "Jointer, William"]
[Result "1-0"]
[WhiteElo "1965"]
[BlackElo "1715"]
[PlyCount "131"]
[EventDate "1995.??.??"]

{2/(12)} 1. c4 Nf6 2. Nc3 g6 3. g3 Bg7 4. Bg2 O-O 5. e4 d6 6. Nge2 c5 7. O-O
Nc6 8. d3 Bd7 9. h3 Nd4 10. Nxd4 cxd4 11. Ne2 e5 12. Bg5 Qc8 13. Kh2 Ne8 14.
Be7 Rb8 15. Rc1 b6 16. f4 f5 17. Bxf8 Bxf8 18. b3 Ng7 19. Qe1 Be7 20. Qf2 Qa6
21. Ng1 Rf8 22. Qd2 Qc8 23. Rce1 Qd8 24. Qe2 Bf6 25. Nf3 Nh5 26. fxe5 dxe5 27.
exf5 Bxf5 28. Nxe5 Re8 29. Nc6 Rxe2 30. Nxd8 Bxd3 31. Nc6 Rxa2 32. g4 Bxf1 33.
Rxf1 d3 34. gxh5 d2 35. hxg6 Ra1 36. gxh7+ Kxh7 37. Rxa1 Bxa1 38. Bf3 Kh6 39.
Nxa7 Be5+ 40. Kg2 Kg5 41. Bd1 Kf4 42. h4 Ke3 43. Kf1 Bg3 44. h5 Bf4 45. Nc8 b5
46. cxb5 Kd4 47. Ne7 Kc5 48. b6 Kd6 49. Nf5+ Kc6 50. b7 Kxb7 51. Ke2 Kc6 52.
Nd4+ Kd5 53. Kd3 Be5 54. Nf3 Bf4 55. Nxd2 Kc5 56. Ne4+ Kb4 57. Be2 Bh6 58. Nf6
Bg7 59. Ng4 Kc5 60. h6 Bh8 61. h7 Bg7 62. Nh6 Kd6 63. h8=Q Bxh8 64. Nf7+ Ke6
65. Nxh8 Kf6 66. Kd4 1-0

[Event "East Lansing (MI Op/7/23)"]
[Site "?"]
[Date "1995.??.??"]
[Round "?"]
[White "Golonka, Stan"]
[Black "Henderson, H."]
[Result "1/2-1/2"]
[WhiteElo "1975"]
[BlackElo "1835"]
[PlyCount "91"]
[EventDate "1995.??.??"]

{7/(23)} 1. c4 Nf6 2. Nc3 d5 3. cxd5 Nxd5 4. Nf3 c5 5. g3 Nc6 6. Bg2 e5 7. d3
Be7 8. O-O Nc7 9. Be3 Ne6 10. Re1 O-O 11. Rc1 f6 12. Na4 Ncd4 13. Nd2 Rb8 14.
Nc3 b6 15. Nd5 Bb7 16. Nc3 Bxg2 17. Kxg2 Nf5 18. Nf1 Qd7 19. Kg1 Kh8 20. Qa4 b5
21. Qe4 Nxe3 22. Nxe3 Ng5 23. Qg2 f5 24. h4 f4 25. hxg5 fxe3 26. f3 Bxg5 27.
Ne4 Be7 28. Nxc5 Qd5 29. Nb3 Bb4 30. Red1 a5 31. d4 Rbc8 32. f4 Qxg2+ 33. Kxg2
exf4 34. gxf4 Rxc1 35. Rxc1 Rxf4 36. Rc8+ Rf8 37. Rxf8+ Bxf8 38. Nxa5 g5 39.
Kf3 h5 40. Kxe3 g4 41. Kf2 h4 42. Nb3 Kg7 43. Nd2 Kg6 44. Nf1 Kf5 45. Nd2 g3+
46. Kf3 1/2-1/2

[Event "Troy (US Am N/5/3)"]
[Site "?"]
[Date "1995.??.??"]
[Round "?"]
[White "Golonka, Stan"]
[Black "Fuller, William"]
[Result "0-1"]
[WhiteElo "1965"]
[BlackElo "2100"]
[PlyCount "98"]
[EventDate "1995.??.??"]

{5/(3)} 1. c4 b6 2. Nc3 Bb7 3. d3 e6 4. e4 Bb4 5. Qg4 Qf6 6. Bd2 Nc6 7. f4 h5
8. Qg3 h4 9. Qf2 Nd4 10. O-O-O Ne7 11. Nge2 Nec6 12. Kb1 O-O-O 13. Be3 Nxe2 14.
Nxe2 d5 15. a3 Be7 16. cxd5 exd5 17. e5 Qf5 18. Nd4 Nxd4 19. Bxd4 c5 20. Be3 d4
21. Bc1 Qg4 22. Re1 g5 23. h3 Qf5 24. Be2 Kb8 25. Ka1 gxf4 26. Bg4 Qxd3 27.
Bxf4 Ka8 28. Bc1 Qb3 29. Bd1 Qc4 30. Be2 Qc2 31. Rhf1 d3 32. Bf3 d2 33. Bxb7+
Kxb7 34. Qxf7 Rh7 35. Qf3+ Kc7 36. e6 Rd4 37. Qa8 dxe1=Q 38. Qxa7+ Kc6 39. Qa8+
Kb5 40. Qe8+ Kc4 41. Rxe1 Rd1 42. Re4+ Qxe4 43. Qa4+ Kd5 44. Qxd1+ Kxe6 45.
Qb3+ Kd7 46. Qb5+ Kc7 47. Qf1 Bd6 48. Qa6 Rh8 49. Bd2 Qxg2 $138 0-1

[Event "Troy (US Am N/4/1)"]
[Site "?"]
[Date "1995.??.??"]
[Round "?"]
[White "Golonka, Stan"]
[Black "Dowling, Jo"]
[Result "1/2-1/2"]
[WhiteElo "1965"]
[BlackElo "2195"]
[PlyCount "57"]
[EventDate "1995.??.??"]

{4/(1)} 1. c4 e6 2. e4 d5 3. cxd5 exd5 4. exd5 Nf6 5. Bb5+ Bd7 6. Bc4 b5 7. Bb3
Bg4 8. f3 Bf5 9. Qe2+ Qe7 10. Nc3 Qxe2+ 11. Ngxe2 a6 12. g4 Bc8 13. g5 Nh5 14.
a4 b4 15. Ne4 Be7 16. d3 g6 17. N2g3 Ng7 18. Bf4 Kd8 19. Rc1 Ne8 20. Be5 Rf8
21. h4 Nd7 22. Bd4 a5 23. Rh2 Bb7 24. Nc5 Nxc5 25. Bxc5 Bd6 26. Rg2 Bxg3+ 27.
Rxg3 Nd6 28. Bxd6 cxd6 29. Kd2 1/2-1/2

[Event "Grand Rapids (MI Am/1/44)"]
[Site "?"]
[Date "1995.??.??"]
[Round "?"]
[White "Golanski, E."]
[Black "Vangilder, W."]
[Result "0-1"]
[WhiteElo "1605"]
[BlackElo "1605"]
[PlyCount "32"]
[EventDate "1995.??.??"]

{1/(44)} 1. e4 Nc6 2. Bc4 d6 3. Qf3 Nf6 4. g4 Ne5 5. Qc3 Nxc4 6. Qxc4 Bxg4 7.
f3 Bh5 8. Qa4+ c6 9. f4 e6 10. e5 dxe5 11. fxe5 Ng4 12. Nf3 Be7 13. d3 O-O 14.
Bd2 Bh4+ 15. Nxh4 Qxh4+ 16. Kf1 Qf2# 0-1

[Event "Grand Rapids (MI Am/4/40)"]
[Site "?"]
[Date "1995.??.??"]
[Round "?"]
[White "Golanski, E."]
[Black "Smeckert, Dennis"]
[Result "0-1"]
[WhiteElo "1605"]
[BlackElo "1605"]
[PlyCount "64"]
[EventDate "1995.??.??"]

{4/(40)} 1. e3 e5 2. Qf3 Bc5 3. Bc4 Nf6 4. d3 O-O 5. Bd2 d6 6. Nc3 Nc6 7. O-O-O
Bg4 8. Qg3 Bxd1 9. Nxd1 Qd7 10. h4 a6 11. Rh3 b5 12. Qg5 h6 13. Qg3 bxc4 14.
dxc4 Rab8 15. a3 Ne4 16. Qf3 Nxd2 17. Kxd2 Rb6 18. Kc1 Na5 19. Rg3 Nxc4 20. Qg4
Qxg4 21. Rxg4 Nxb2 22. Nxb2 Bxa3 23. Rg3 Bxb2+ 24. Kb1 Bc3+ 25. Kc1 Rfb8 26.
Kd1 Rb1+ 27. Ke2 Rxg1 28. Kd3 Ba5 29. Ke4 Rb2 30. c4 Rxf2 31. h5 Rd1 32. Rg4
f5# 0-1

[Event "Detroit (WCO/1/13)"]
[Site "?"]
[Date "1995.??.??"]
[Round "?"]
[White "Goerke, Jesse"]
[Black "Zuniga, Jesus"]
[Result "0-1"]
[WhiteElo "1605"]
[BlackElo "1605"]
[PlyCount "60"]
[EventDate "1995.??.??"]

{1/(13)} 1. e4 e6 2. Nf3 d5 3. exd5 exd5 4. c4 Nf6 5. cxd5 Nxd5 6. Bc4 Qe7+ 7.
Be2 Nf4 8. Nc3 Nxg2+ 9. Kf1 Bh3 10. Kg1 Nh4 11. Nd5 Nxf3+ 12. Bxf3 Qg5+ 13. Bg4
Bxg4 14. f4 Bxd1+ 15. fxg5 Bf3 16. Nxc7+ Kd7 17. Nxa8 Bc5+ 18. Kf1 Bxh1 19. d3
Nc6 20. Nc7 Kxc7 21. Bf4+ Bd6 22. Bxd6+ Kxd6 23. Kf2 Bd5 24. Rf1 Ne5 25. Ke3
Ng4+ 26. Ke2 Nxh2 27. Rf5 Re8+ 28. Kd2 Re5 29. Rf2 Nf3+ 30. Kc3 Rxg5 0-1

[Event "Detroit (WCO/3/15)"]
[Site "?"]
[Date "1995.??.??"]
[Round "?"]
[White "Goerke, Jesse"]
[Black "Smeckert, Dennis"]
[Result "0-1"]
[WhiteElo "1605"]
[BlackElo "1605"]
[PlyCount "100"]
[EventDate "1995.??.??"]

{3/(15)} 1. e4 e5 2. Nf3 Nc6 3. Bb5 f5 4. Bxc6 dxc6 5. exf5 Bd6 6. d4 e4 7. Bg5
Nf6 8. Bxf6 Qxf6 9. Nfd2 Bxf5 10. g4 Bg6 11. f3 O-O 12. O-O Qf4 13. Qe2 e3 14.
Ne4 Rae8 15. Nxd6 cxd6 16. Rd1 Qxf3 17. Qxf3 Rxf3 18. d5 cxd5 19. Re1 Bxc2 20.
Nc3 d4 21. Nd5 d3 22. Kg2 Rf2+ 23. Kg3 d2 24. Rxe3 Rxe3+ 25. Nxe3 d1=Q 26. Nxd1
Rd2 27. Rc1 Bxd1 28. Rc8+ Kf7 29. Rc7+ Ke6 30. Rxb7 Ke5 31. Re7+ Kd4 32. Rxa7
Rxb2 33. Rxg7 d5 34. Rxh7 Kd3 35. Rd7 d4 36. Kf4 Rxa2 37. h4 Ra4 38. g5 Kd2 39.
h5 d3+ 40. Kf5 Bxh5 41. Rh7 Ra5+ 42. Kf6 Ra6+ 43. Kf5 Bg6+ 44. Kg4 Bxh7 45. Kh5
Kc1 46. g6 Rxg6 47. Kh4 d2 48. Kh3 d1=Q 49. Kh2 Qg1+ 50. Kh3 Qh1# 0-1

[Event "Detroit (MI Action/3/16)"]
[Site "?"]
[Date "1995.??.??"]
[Round "?"]
[White "Goerke, Jesse"]
[Black "Peiter, H."]
[Result "0-1"]
[WhiteElo "1605"]
[BlackElo "1605"]
[PlyCount "57"]
[EventDate "1995.??.??"]

{3/(16)} 1. e4 c5 2. Nf3 Nc6 3. Bb5 g6 4. Bxc6 bxc6 5. d3 Bg7 6. Nc3 d5 7. Bf4
Qa5 8. exd5 cxd5 9. O-O Bxc3 10. bxc3 Qxc3 11. Qe2 Nf6 12. Bd6 Be6 13. Be5 Qa5
14. Bxf6 exf6 15. d4 O-O 16. h3 Rfe8 17. dxc5 Qxc5 18. Qd2 Rac8 19. Rac1 Qa3
20. c3 Rc4 21. Rc2 Bf5 22. Rcc1 Be4 23. Rfe1 Rec8 24. g4 Bxf3 25. Qh6 Rxc3 26.
Rxc3 Qxc3 27. Re3 Qc1+ 28. Kh2 Be4 29. f3 0-1

[Event "Troy (US Am N/6/34)"]
[Site "?"]
[Date "1995.??.??"]
[Round "?"]
[White "Goerke, Jesse"]
[Black "Osak, J."]
[Result "0-1"]
[WhiteElo "1605"]
[BlackElo "1605"]
[PlyCount "128"]
[EventDate "1995.??.??"]

{6/(34)} 1. e4 g6 2. Nf3 Bg7 3. Bc4 e6 4. Nc3 b6 5. d3 Bb7 6. Bg5 Ne7 7. Bxe7
Qxe7 8. O-O Qb4 9. Rb1 Bxc3 10. bxc3 Qxc3 11. Qd2 Qxd2 12. Nxd2 Nc6 13. Bb5 a6
14. Bxc6 Bxc6 15. d4 d5 16. exd5 Bxd5 17. c4 Bb7 18. c5 b5 19. Nc4 Bd5 20. Na3
Rb8 21. Ra1 O-O 22. Nc2 Rfd8 23. Nb4 Ra8 24. a4 a5 25. Nxd5 exd5 26. axb5 Rdb8
27. Rfb1 Rb7 28. b6 Rab8 29. h3 cxb6 30. cxb6 Rxb6 31. Rxb6 Rxb6 32. Rxa5 Rd6
33. g4 g5 34. Ra8+ Kg7 35. Kf1 h5 36. gxh5 Rh6 37. Kg2 Rxh5 38. Rd8 Kf6 39.
Rxd5 Ke6 40. Ra5 Rh4 41. Rxg5 Rxd4 42. Rg4 Rd2 43. h4 Rd5 44. Kg3 Rh5 45. Rg5
Rh6 46. h5 Kf6 47. f4 Rh7 48. Kg4 Rh6 49. Rf5+ Ke6 50. Kg5 Rxh5+ 51. Kxh5 Kxf5
52. Kh6 Kxf4 53. Kg7 f5 54. Kf6 Ke4 55. Kg5 f4 56. Kg4 Ke3 57. Kh3 f3 58. Kg3
Ke2 59. Kh2 f2 60. Kg3 f1=Q 61. Kh2 Qf8 62. Kh1 Qg7 63. Kh2 Kf3 64. Kh3 Qg3#
0-1